=LDR 00000nam 2200000 4500 =001 INLIS000000000025171 =005 20201125111734 =035 ##$$a 0010-061300000025171 =008 201125################g##########0#ind## =041 ##$$a Ind =082 ##$$a 330 =090 ##$$a 330, Bell m =100 #$$a Beling =245 1#$$a Modernisasi : $b Masalah model pembangunan /$c Belling, Totten =260 ##$$a Jakarta :$b Yayasan Ilmu sosial,$c 1985 =300 ##$$a 314 hlm. : $b ilus. ; $c 21x14 cm =650 #4$$a Modernisasi =850 ##$$a NBPNMAT =084 ##$$a 330 BEL m =250 ##$$a cet.1 =700 #$$a Totten =990 ##$$a 768/Pro.85 =990 ##$$a 764/Peb/81